000 00733nam a2200217Ia 4500
008 191130s2004##################000#0#eng##
020 _a9780789012494
022 _a2002154813
040 _aACL
_cACL
082 _a616.85882 MAR
100 _aMarley, James A
245 _aFamily involvement in treating schizophrenia : models, essential skills, and process
_cJames A. Marley
260 _aNew York
_bHaworth Clinical Practice Press
_cc2004
300 _axv, 157 p. ; 22 cm
500 _aIncludes bibliographical references (p. 143-150) and index
650 _aFamily psychotherapy
650 _aSchizophrenics - Family relationships
990 _adbb839bdac10000c6e3b4481894a98ef
991 _a119920
999 _c181468
_d181468